000 00711nam a2200205Ia 4500
001 L109-720
003 IT-CnALBA
008 170116s9999||||xx |||||||||||||| ||und||
040 _aIT-CnALBA
_cIT-CnALBA
041 _aITALIANO
100 _aSCIACCA MICHELE FEDER.
_g(GORIANO DI GONA)
245 0 _aIL SECOLO XX. PARTE I DAL PRAGMATISMO ALLO SPIRITUALISMO CRISTIANO.
250 _a1a ed.
260 _a ROMA- MILANO - TORINO
_bFRATELLI BOCCA EDIT.
_c1942 [1° Ed.: n.d.]
300 _a768 p.
501 _aSocietà San Paolo EM - Piazza San Paolo, 14 - 12051 ALBA (CN) (non commercial uses only) ® Copyright 2017
650 _aTRATTAZIONE STORICA DELLA FILOSOFIA
942 _cBK
957 _71
999 _a819
_bSI
_g Copie: 1
_c259956
_d259956